Top XIs: Liverpool FC (1976-2023) - Statistics

General Stats
  • This quiz has been taken 1,536 times
    1,493 since last reset
  • The average score is 241 of 500
Answer Stats
Hint Position Answer % Correct
2017/2018 ST Mohamed Salah
94%
2018/2019 ST Mohamed Salah
94%
2019/2020 ST Mohamed Salah
94%
2020/2021 ST Mohamed Salah
94%
2021/2022 ST Mohamed Salah
94%
2022/2023 ST Mohamed Salah
94%
2022/2023 UCL ST Mohamed Salah
94%
2016/2017 ST Sadio Mané
91%
2017/2018 ST Sadio Mané
91%
2018/2019 ST Sadio Mané
91%
2019/2020 ST Sadio Mané
91%
2020/2021 ST Sadio Mané
91%
2021/2022 ST Sadio Mané
91%
2018/2019 DF T. Alexander-Arnold
90%
2019/2020 DF T. Alexander-Arnold
90%
2020/2021 DF T. Alexander-Arnold
90%
2021/2022 DF T. Alexander-Arnold
90%
2021/2022🏺🏺 DF T. Alexander-Arnold
90%
2022/2023 DF T. Alexander-Arnold
90%
2022/2023 UCL DF T. Alexander-Arnold
90%
2017/2018 DF Andrew Robertson
89%
2018/2019 DF Andrew Robertson
89%
2019/2020 DF Andrew Robertson
89%
2020/2021 DF Andrew Robertson
89%
2021/2022 DF Andrew Robertson
89%
2022/2023 DF Andrew Robertson
89%
2015/2016 ST Roberto Firmino
89%
2016/2017 ST Roberto Firmino
89%
2017/2018 ST Roberto Firmino
89%
2018/2019 ST Roberto Firmino
89%
2019/2020 ST Roberto Firmino
89%
2021/2022🏺🏺 ST Roberto Firmino
89%
1999/2000 MF Steven Gerrard
88%
2000/2001 MF Steven Gerrard
88%
2001/2002 MF Steven Gerrard
88%
2002/2003 MF Steven Gerrard
88%
2003/2004 MF Steven Gerrard
88%
2004/2005 MF Steven Gerrard
88%
2005/2006 MF Steven Gerrard
88%
2005/2006 UCL MF Steven Gerrard
88%
2006/2007 MF Steven Gerrard
88%
2007/2008 MF Steven Gerrard
88%
2008/2009 MF Steven Gerrard
88%
2009/2010 MF Steven Gerrard
88%
2012/2013 MF Steven Gerrard
88%
2013/2014 MF Steven Gerrard
88%
2014/2015 UCL MF Steven Gerrard
88%
2011/2012 MF Jordan Henderson
87%
2013/2014 MF Jordan Henderson
87%
2014/2015 UCL MF Jordan Henderson
87%
2017/2018 MF Jordan Henderson
87%
2019/2020 MF Jordan Henderson
87%
2021/2022🏺🏺 MF Jordan Henderson
87%
2022/2023 UCL MF Jordan Henderson
87%
2016/2017 DF Joel Matip
81%
2017/2018 DF Joel Matip
81%
2018/2019 DF Joel Matip
81%
2022/2023 DF Joel Matip
81%
2022/2023 UCL DF Joel Matip
81%
2018/2019 MF Fabinho
79%
2020/2021 MF Fabinho
79%
2021/2022 MF Fabinho
79%
2022/2023 MF Fabinho
79%
2022/2023 UCL MF Fabinho
79%
2017/2018 DF Joe Gomez
78%
2019/2020 DF Joe Gomez
78%
2022/2023 ST Darwin Núñez
77%
2022/2023 UCL ST Darwin Núñez
77%
2011/2012 ST Luis Suárez
77%
2012/2013 ST Luis Suárez
77%
2013/2014 ST Luis Suárez
77%
2015/2016 MF James Milner
76%
2016/2017 DF James Milner
76%
2018/2019 MF James Milner
76%
1998/1999 DF Jamie Carragher
75%
1999/2000 DF Jamie Carragher
75%
2000/2001 DF Jamie Carragher
75%
2001/2002 DF Jamie Carragher
75%
2002/2003 DF Jamie Carragher
75%
2003/2004 DF Jamie Carragher
75%
2004/2005 DF Jamie Carragher
75%
2005/2006 DF Jamie Carragher
75%
2005/2006 UCL DF Jamie Carragher
75%
2006/2007 DF Jamie Carragher
75%
2007/2008 DF Jamie Carragher
75%
2008/2009 DF Jamie Carragher
75%
2009/2010 DF Jamie Carragher
75%
2010/2011 DF Jamie Carragher
75%
2020/2021 ST Diogo Jota
74%
2021/2022 ST Diogo Jota
74%
2021/2022🏺🏺 ST Diogo Jota
74%
2007/2008 ST Fernando Torres
74%
2008/2009 ST Fernando Torres
74%
2009/2010 ST Fernando Torres
74%
2010/2011 ST Fernando Torres
74%
1997/1998 ST Michael Owen
74%
1998/1999 ST Michael Owen
74%
1999/2000 ST Michael Owen
74%
2000/2001 ST Michael Owen
74%
2001/2002 ST Michael Owen
74%
2002/2003 ST Michael Owen
74%
2003/2004 ST Michael Owen
74%
1981/1982 ST Ian Rush
73%
1982/1983 ST Ian Rush
73%
1983/1984 ST Ian Rush
73%
1984/1985 ST Ian Rush
73%
1985/1986 ST Ian Rush
73%
1986/1987 ST Ian Rush
73%
1989/1990 ST Ian Rush
73%
1990/1991 ST Ian Rush
73%
1992/1993 ST Ian Rush
73%
1993/1994 ST Ian Rush
73%
1994/1995 ST Ian Rush
73%
2004/2005 MF Xabi Alonso
72%
2005/2006 MF Xabi Alonso
72%
2005/2006 UCL MF Xabi Alonso
72%
2006/2007 MF Xabi Alonso
72%
2008/2009 MF Xabi Alonso
72%
2016/2017 MF Georginio Wijnaldum
71%
2017/2018 MF Georginio Wijnaldum
71%
2018/2019 MF Georginio Wijnaldum
71%
2019/2020 MF Georginio Wijnaldum
71%
2020/2021 MF Georginio Wijnaldum
71%
2022/2023 ST Luis Díaz
71%
2022/2023 UCL ST Luis Díaz
71%
1977/1978 ST Kenny Dalglish
68%
1978/1979 ST Kenny Dalglish
68%
1979/1980 ST Kenny Dalglish
68%
1980/1981 ST Kenny Dalglish
68%
1981/1982 ST Kenny Dalglish
68%
1982/1983 ST Kenny Dalglish
68%
1983/1984 ST Kenny Dalglish
68%
1984/1985 ST Kenny Dalglish
68%
2021/2022 DF Ibrahima Konaté
67%
2021/2022🏺🏺 DF Ibrahima Konaté
67%
2013/2014 ST Daniel Sturridge
66%
1976/1977 DF Joey Jones
65%
1993/1994 ST Robbie Fowler
65%
1994/1995 ST Robbie Fowler
65%
1995/1996 ST Robbie Fowler
65%
1996/1997 ST Robbie Fowler
65%
1991/1992 DF Rob Jones
65%
1992/1993 DF Rob Jones
65%
1993/1994 DF Rob Jones
65%
1994/1995 DF Rob Jones
65%
1995/1996 DF Rob Jones
65%
2021/2022 MF Thiago Alcántara
65%
2022/2023 MF Thiago Alcántara
65%
2022/2023 UCL MF Thiago Alcántara
65%
2014/2015 UCL DF Dejan Lovren
64%
2015/2016 DF Dejan Lovren
64%
2016/2017 DF Dejan Lovren
64%
2017/2018 DF Dejan Lovren
64%
2013/2014 MF Philippe Coutinho
63%
2014/2015 UCL MF Philippe Coutinho
63%
2015/2016 MF Philippe Coutinho
63%
2016/2017 MF Philippe Coutinho
63%
1978/1979 ST David Johnson
62%
1979/1980 ST David Johnson
62%
1980/1981 ST David Johnson
62%
2006/2007 MF Dirk Kuyt
61%
2007/2008 MF Dirk Kuyt
61%
2008/2009 MF Dirk Kuyt
61%
2009/2010 MF Dirk Kuyt
61%
2010/2011 MF Dirk Kuyt
61%
2011/2012 MF Dirk Kuyt
61%
2008/2009 DF Martin Škrtel
61%
2010/2011 DF Martin Škrtel
61%
2011/2012 DF Martin Škrtel
61%
2012/2013 DF Martin Škrtel
61%
2013/2014 DF Martin Škrtel
61%
2014/2015 UCL DF Martin Škrtel
61%
2013/2014 MF Raheem Sterling
61%
2014/2015 UCL MF Raheem Sterling
61%
1999/2000 DF Sami Hyypia
60%
2000/2001 DF Sami Hyypia
60%
2001/2002 DF Sami Hyypia
60%
2002/2003 DF Sami Hyypia
60%
2003/2004 DF Sami Hyypia
60%
2004/2005 DF Sami Hyypia
60%
2005/2006 DF Sami Hyypia
60%
2005/2006 UCL DF Sami Hyypia
60%
2007/2008 DF Sami Hyypia
60%
2001/2002 DF John Arne Riise
57%
2002/2003 DF John Arne Riise
57%
2003/2004 DF John Arne Riise
57%
2004/2005 DF John Arne Riise
57%
2005/2006 DF John Arne Riise
57%
2005/2006 UCL DF John Arne Riise
57%
2006/2007 DF John Arne Riise
57%
2015/2016 MF Adam Lallana
56%
2016/2017 MF Adam Lallana
56%
2006/2007 DF Daniel Agger
54%
2009/2010 DF Daniel Agger
54%
2011/2012 DF Daniel Agger
54%
2012/2013 DF Daniel Agger
54%
2007/2008 MF Javier Mascherano
54%
2008/2009 MF Javier Mascherano
54%
2009/2010 MF Javier Mascherano
54%
2005/2006 ST Peter Crouch
53%
2006/2007 ST Peter Crouch
53%
1987/1988 MF John Barnes
52%
1988/1989 MF John Barnes
52%
1989/1990 MF John Barnes
52%
1990/1991 MF John Barnes
52%
1994/1995 MF John Barnes
52%
1995/1996 MF John Barnes
52%
1996/1997 MF John Barnes
52%
2004/2005 ST Milan Baroš
51%
2004/2005 ST Luis Garcia
50%
2005/2006 UCL MF Luis Garcia
50%
2015/2016 DF Nathaniel Clyne
50%
2016/2017 DF Nathaniel Clyne
50%
2015/2016 ST Divock Origi
49%
2021/2022🏺🏺 DF Kostas Tsimikas
49%
2022/2023 UCL DF Kostas Tsimikas
49%
1991/1992 MF Steve McManaman
49%
1992/1993 MF Steve McManaman
49%
1993/1994 MF Steve McManaman
49%
1994/1995 MF Steve McManaman
49%
1995/1996 MF Steve McManaman
49%
1996/1997 MF Steve McManaman
49%
1997/1998 MF Steve McManaman
49%
1998/1999 MF Steve McManaman
49%
2014/2015 UCL DF Alberto Moreno
48%
2015/2016 DF Alberto Moreno
48%
2019/2020 MF A. O.-Chamberlain
48%
2022/2023 MF Harvey Elliott
48%
2021/2022 MF Naby Keïta
48%
2021/2022🏺🏺 MF Naby Keïta
48%
2000/2001 ST Emile Heskey
47%
2001/2002 ST Emile Heskey
47%
2002/2003 ST Emile Heskey
47%
2003/2004 ST Emile Heskey
47%
2001/2002 MF Vladimír Šmicer
47%
2011/2012 ST Andy Carroll
46%
2015/2016 MF Emre Can
46%
2016/2017 MF Emre Can
46%
2017/2018 MF Emre Can
46%
2003/2004 DF Steve Finnan
46%
2004/2005 DF Steve Finnan
46%
2005/2006 DF Steve Finnan
46%
2005/2006 UCL DF Steve Finnan
46%
2006/2007 DF Steve Finnan
46%
2005/2006 UCL ST Djibril Cissé
45%
2003/2004 MF Harry Kewell
45%
2004/2005 MF Harry Kewell
45%
2005/2006 MF Harry Kewell
45%
1976/1977 ST Kevin Keegan
45%
1999/2000 MF Dietmar Hamann
43%
2000/2001 MF Dietmar Hamann
43%
2001/2002 MF Dietmar Hamann
43%
2002/2003 MF Dietmar Hamann
43%
2003/2004 MF Dietmar Hamann
43%
2004/2005 MF Dietmar Hamann
43%
1978/1979 MF Graeme Souness
43%
1979/1980 MF Graeme Souness
43%
1980/1981 MF Graeme Souness
43%
1981/1982 MF Graeme Souness
43%
1982/1983 MF Graeme Souness
43%
1983/1984 MF Graeme Souness
43%
2009/2010 MF Lucas Leiva
43%
2010/2011 MF Lucas Leiva
43%
2012/2013 MF Lucas Leiva
43%
2020/2021 DF Nat Phillips
42%
2015/2016 DF Mamadou Sakho
41%
2000/2001 DF Markus Babbel
41%
1992/1993 MF Jamie Redknapp
40%
1993/1994 MF Jamie Redknapp
40%
1994/1995 MF Jamie Redknapp
40%
1997/1998 MF Jamie Redknapp
40%
1998/1999 MF Jamie Redknapp
40%
1977/1978 DF Tommy Smith
40%
1978/1979 DF Alan Hansen
39%
1979/1980 DF Alan Hansen
39%
1980/1981 DF Alan Hansen
39%
1981/1982 DF Alan Hansen
39%
1982/1983 DF Alan Hansen
39%
1983/1984 DF Alan Hansen
39%
1984/1985 DF Alan Hansen
39%
1985/1986 DF Alan Hansen
39%
1986/1987 DF Alan Hansen
39%
1987/1988 DF Alan Hansen
39%
1989/1990 DF Alan Hansen
39%
2000/2001 MF Gary McAllister
39%
2012/2013 MF Joe Allen
39%
2014/2015 UCL MF Joe Allen
39%
2002/2003 DF Djimi Traoré
38%
2007/2008 MF Ryan Babel
38%
2014/2015 UCL ST Mario Balotelli
37%
1976/1977 DF Phil Neal
36%
1977/1978 DF Phil Neal
36%
1978/1979 DF Phil Neal
36%
1979/1980 DF Phil Neal
36%
1980/1981 DF Phil Neal
36%
1981/1982 DF Phil Neal
36%
1982/1983 DF Phil Neal
36%
1983/1984 DF Phil Neal
36%
1984/1985 DF Phil Neal
36%
1976/1977 DF Phil Thompson
36%
1977/1978 DF Phil Thompson
36%
1978/1979 DF Phil Thompson
36%
1979/1980 DF Phil Thompson
36%
1980/1981 DF Phil Thompson
36%
1981/1982 DF Phil Thompson
36%
2007/2008 DF Alvaro Arbeloa
34%
2008/2009 DF Alvaro Arbeloa
34%
1976/1977 DF Emlyn Hughes
34%
1977/1978 DF Emlyn Hughes
34%
1997/1998 MF Paul Ince
34%
1998/1999 MF Paul Ince
34%
1994/1995 DF Phil Babb
34%
1995/1996 DF Phil Babb
34%
1996/1997 DF Phil Babb
34%
2007/2008 MF Yossi Benayoun
34%
2009/2010 MF Yossi Benayoun
34%
1978/1979 DF Alan Kennedy
33%
1979/1980 DF Alan Kennedy
33%
1980/1981 DF Alan Kennedy
33%
1982/1983 DF Alan Kennedy
33%
1983/1984 DF Alan Kennedy
33%
1984/1985 DF Alan Kennedy
33%
2013/2014 DF Kolo Touré
33%
1976/1977 MF Ray Kennedy
33%
1977/1978 MF Ray Kennedy
33%
1978/1979 MF Ray Kennedy
33%
1979/1980 MF Ray Kennedy
33%
1980/1981 MF Ray Kennedy
33%
1992/1993 DF Mark Wright
32%
1993/1994 DF Mark Wright
32%
1995/1996 DF Mark Wright
32%
1996/1997 DF Mark Wright
32%
1999/2000 DF Stephane Henchoz
32%
2000/2001 DF Stephane Henchoz
32%
2001/2002 DF Stephane Henchoz
32%
2001/2002 MF Danny Murphy
31%
2002/2003 MF Danny Murphy
31%
2010/2011 MF Joe Cole
31%
2013/2014 DF Jon Flanagan
31%
2011/2012 DF Jose Enrique
31%
2012/2013 DF Jose Enrique
31%
2011/2012 MF Stewart Downing
30%
2012/2013 MF Stewart Downing
30%
2018/2019 DF Virgil van Dijk
30%
2019/2020 DF Virgil van Dijk
30%
2021/2022 DF Virgil van Dijk
30%
2021/2022🏺🏺 DF Virgil van Dijk
30%
2022/2023 DF Virgil van Dijk
30%
2022/2023 UCL DF Virgil van Dijk
30%
2011/2012 MF Charlie Adam
29%
2005/2006 ST Fernando Morientes
29%
2005/2006 UCL ST Fernando Morientes
29%
1987/1988 ST John Aldridge
29%
1988/1989 ST John Aldridge
29%
1987/1988 ST Peter Beardsley
29%
1988/1989 ST Peter Beardsley
29%
1989/1990 ST Peter Beardsley
29%
1990/1991 ST Peter Beardsley
29%
1980/1981 MF Sammy Lee
29%
1981/1982 MF Sammy Lee
29%
1982/1983 MF Sammy Lee
29%
1983/1984 MF Sammy Lee
29%
1984/1985 MF Sammy Lee
29%
1995/1996 ST Stan Collymore
29%
1996/1997 ST Stan Collymore
29%
2006/2007 ST Craig Bellamy
28%
2010/2011 MF Maxi Rodriguez
28%
2005/2006 MF Mohamed Sissoko
28%
2005/2006 UCL MF Mohamed Sissoko
28%
1998/1999 MF Patrik Berger
28%
1999/2000 MF Patrik Berger
28%
1984/1985 MF Steve Nicol
28%
1985/1986 DF Steve Nicol
28%
1987/1988 DF Steve Nicol
28%
1988/1989 DF Steve Nicol
28%
1989/1990 DF Steve Nicol
28%
1990/1991 DF Steve Nicol
28%
1991/1992 DF Steve Nicol
28%
1992/1993 DF Steve Nicol
28%
1993/1994 MF Steve Nicol
28%
2002/2003 ST El Hadji Diouf
27%
2007/2008 DF Fabio Aurelio
27%
2008/2009 DF Fabio Aurelio
27%
1985/1986 MF Jan Mølby
27%
1986/1987 MF Jan Mølby
27%
1990/1991 MF Jan Mølby
27%
1991/1992 MF Jan Mølby
27%
1981/1982 DF Mark Lawrenson
27%
1982/1983 DF Mark Lawrenson
27%
1983/1984 DF Mark Lawrenson
27%
1984/1985 DF Mark Lawrenson
27%
1985/1986 DF Mark Lawrenson
27%
1986/1987 DF Mark Lawrenson
27%
1993/1994 DF Neil Ruddock
27%
1994/1995 DF Neil Ruddock
27%
1985/1986 MF Steve McMahon
26%
1986/1987 MF Steve McMahon
26%
1987/1988 MF Steve McMahon
26%
1988/1989 MF Steve McMahon
26%
1989/1990 MF Steve McMahon
26%
1977/1978 MF Terry McDermott
26%
1978/1979 MF Terry McDermott
26%
1979/1980 MF Terry McDermott
26%
1980/1981 MF Terry McDermott
26%
1981/1982 MF Terry McDermott
26%
1981/1982 MF Ronnie Whelan
25%
1982/1983 MF Ronnie Whelan
25%
1983/1984 MF Ronnie Whelan
25%
1984/1985 MF Ronnie Whelan
25%
1985/1986 MF Ronnie Whelan
25%
1986/1987 MF Ronnie Whelan
25%
1988/1989 MF Ronnie Whelan
25%
1989/1990 MF Ronnie Whelan
25%
2021/2022🏺🏺 ST Takumi Minamino
25%
2008/2009 MF Albert Riera
24%
2006/2007 MF Jermaine Pennant
24%
1976/1977 ST John Toshack
24%
1995/1996 MF Michael Thomas
24%
1996/1997 MF Michael Thomas
24%
2010/2011 MF Raul Meireles
23%
1982/1983 MF Craig Johnston
22%
1983/1984 MF Craig Johnston
22%
1985/1986 MF Craig Johnston
22%
1986/1987 MF Craig Johnston
22%
2020/2021 DF Ozan Kabak
22%
1976/1977 MF Steve Heighway
22%
1977/1978 MF Steve Heighway
22%
1994/1995 DF Stig Inge Bjørnebye
22%
1996/1997 DF Stig Inge Bjørnebye
22%
1997/1998 DF Stig Inge Bjørnebye
22%
1998/1999 DF Stig Inge Bjørnebye
22%
1976/1977 MF Ian Callaghan
21%
1995/1996 MF Jason McAteer
21%
1996/1997 MF Jason McAteer
21%
1987/1988 MF Ray Houghton
21%
1988/1989 MF Ray Houghton
21%
1990/1991 MF Ray Houghton
21%
1991/1992 MF Ray Houghton
21%
1986/1987 DF Gary Gillespie
20%
1987/1988 DF Gary Gillespie
20%
1990/1991 DF Gary Gillespie
20%
1976/1977 MF Jimmy Case
20%
1977/1978 MF Jimmy Case
20%
1978/1979 MF Jimmy Case
20%
1979/1980 MF Jimmy Case
20%
2010/2011 DF Paul Konchesky
20%
1988/1989 DF Steve Staunton
20%
1998/1999 DF Steve Staunton
20%
2003/2004 MF Igor Bišćan
19%
1991/1992 MF Mark Walters
19%
1992/1993 MF Mark Walters
19%
2000/2001 MF Nick Barmby
19%
2009/2010 DF Emiliano Insua
18%
1989/1990 DF David Burrows
17%
1990/1991 DF David Burrows
17%
1991/1992 DF David Burrows
17%
1992/1993 DF David Burrows
17%
1977/1978 ST David Fairclough
17%
1991/1992 ST Dean Saunders
17%
1988/1989 DF Gary Ablett
17%
1990/1991 DF Gary Ablett
17%
2009/2010 DF Glen Johnson
17%
2010/2011 DF Glen Johnson
17%
2011/2012 DF Glen Johnson
17%
2012/2013 DF Glen Johnson
17%
2013/2014 DF Glen Johnson
17%
1994/1995 DF John Scales
17%
1995/1996 DF John Scales
17%
1999/2000 ST Titi Camara
17%
2020/2021 MF Curtis Jones
16%
2021/2022🏺🏺 MF Curtis Jones
16%
1996/1997 DF Dominic Matteo
16%
1997/1998 DF Dominic Matteo
16%
1999/2000 DF Dominic Matteo
16%
1985/1986 DF Jim Beglin
16%
2012/2013 MF Jonjo Shelvey
16%
1997/1998 ST Karl-Heinz Riedle
16%
1998/1999 ST Karl-Heinz Riedle
16%
1993/1994 MF Nigel Clough
16%
1986/1987 DF Barry Venison
15%
1987/1988 MF Barry Venison
15%
1988/1989 DF Barry Venison
15%
1989/1990 DF Barry Venison
15%
1997/1998 DF Bjørn Tore Kvarme
15%
1989/1990 DF Glenn Hysén
15%
1990/1991 DF Glenn Hysén
15%
1984/1985 MF John Wark
15%
1997/1998 MF Øyvind Leonhardsen
15%
1985/1986 ST Paul Walsh
15%
1986/1987 ST Paul Walsh
15%
1993/1994 DF Julian Dicks
14%
1991/1992 MF Mike Marsh
14%
1992/1993 MF Mike Marsh
14%
2014/2015 UCL DF Javi Manquillo
13%
1998/1999 DF Vegard Heggem
13%
1992/1993 MF Don Hutchison
11%
1997/1998 DF Steve Harkness
11%
1987/1988 MF Nigel Spackman
9%
1991/1992 DF Nick Tanner
7%
1999/2000 MF David Thompson
5%
No matching quizzes found
Score Distribution
Percent of People with Each Score
Percentile by Number Answered
Your Score History
You have not taken this quiz since the last reset